Loading...
History - European History | 0 | 4 | 1 | 2 | 35 | 107 | 128.75 | 0 | 2 |
History - American History | 0 | 3 | 0 | 1 | 30 | 71 | 91.00 | 1 | 3 |
Current Events | 0 | 2 | 0 | 0 | 20 | 84 | 95.00 | 1 | 2 |
History - World History | 0 | 1 | 0 | 0 | 10 | 116 | 116.00 | 0 | 1 |
Literature - American Literature | 0 | 1 | 0 | 0 | 10 | 125 | 125.00 | 0 | 1 |
Other Academic | 0 | 1 | 0 | 0 | 10 | 110 | 110.00 | 0 | 1 |
Philosophy | 0 | 1 | 0 | 1 | 10 | 126 | 126.00 | 0 | 1 |
Ancient History and Archaeology | 0 | 1 | 0 | 0 | 10 | 92 | 92.00 | 0 | 1 |
Beliefs | 0 | 1 | 0 | 0 | 10 | 113 | 113.00 | 0 | 0 |
Fine Arts - Visual Fine Arts | 0 | 1 | 0 | 0 | 10 | 147 | 147.00 | 0 | 1 |
Social Science | 0 | 0 | 1 | 0 | -5 | 0.00 | 0 | 0 |